Ingeniería de la cinetica química / J. M. Smith (Registro nro. 13016)

Detalles MARC
000 -LÍDER
fixed length control field 00462nam a2200145 4500
008 - ELEMENTOS DE LONGITUD FIJA -- INFORMACIÓN GENERAL
fixed length control field 0 1986 0in 000 0MEX
020 ## - NÚMERO INTERNACIONAL NORMALIZADO PARA LIBROS
ISBN 968-26-0628-4
050 ## - SIGNATURA TOPOGRAFICA DE LA BIBLIOTECA DEL CONGRESO (LC)
Número de Clasificación TP149 S58 1986
082 ## - NUMERO DE CLASIFICACION DECIMAL DEWEY
Número de Clasificación 660.299.4 S824i
100 ## - ASIENTO PRINCIPAL--NOMBRE PERSONAL
Nombre personal Smith, J. M.
245 ## - TÍTULO
Título Ingeniería de la cinetica química / J. M. Smith
260 ## - PUBLICACIÓN, DISTRIBUCIÓN, ETC. (PIE DE IMPRENTA)
Lugar de publicación, distribución, etc. México : Continental
300 ## - DESCRIPCIÓN FÍSICA
Extensión 774 p. / 23 cm.
650 ## - ASIENTO SECUNDARIO DE MATERIA - TERMINO TEMÁTICO
Término temático o nombre geográfico como elemento de entrada 1.TERMODINAMICA \ 2.INGENIERIA QUIMICA \ 3.REACCION QUIMICA, VELOCIDAD DE
Existencias
No. biblioteca No. biblioteca Número de clasificación Código de barras/Número de adquisición Número de copia Tipo de material
LUIS G. INCLAN LUIS G. INCLAN 660.299.4 S824i 39013 25 Libros
LUIS G. INCLAN LUIS G. INCLAN 660.299.4 S824i 39014 26 Libros
LUIS G. INCLAN LUIS G. INCLAN 660.299.4 S824i 39015 27 Libros
LUIS G. INCLAN LUIS G. INCLAN 660.299.4 S824i 37454 24 Libros
LUIS G. INCLAN LUIS G. INCLAN 660.299.4 S824i 42477 28 Libros
LUIS G. INCLAN LUIS G. INCLAN 660.299.4 S824i 42478 29 Libros
LUIS G. INCLAN LUIS G. INCLAN 660.299.4 S824i 42479 30 Libros
LUIS G. INCLAN LUIS G. INCLAN 660.299.4 S824i 44057 31 Libros
LUIS G. INCLAN LUIS G. INCLAN 660.299.4 S824i 44058 32 Libros
LUIS G. INCLAN LUIS G. INCLAN 660.299.4 S824i 44059 33 Libros
LUIS G. INCLAN LUIS G. INCLAN 660.299.4 S824i 44060 34 Libros
LUIS G. INCLAN LUIS G. INCLAN 660.299.4 S824i 44061 35 Libros
LUIS G. INCLAN LUIS G. INCLAN 660.299.4 S824i 4340 1 Libros
LUIS G. INCLAN LUIS G. INCLAN 660.299.4 S824i 13997 12 Libros
LUIS G. INCLAN LUIS G. INCLAN 660.299.4 S824i 4343 4 Libros
LUIS G. INCLAN LUIS G. INCLAN 660.299.4 S824i 25287 21 Libros
LUIS G. INCLAN LUIS G. INCLAN 660.299.4 S824i 4341 2 Libros
LUIS G. INCLAN LUIS G. INCLAN 660.299.4 S824i 25289 23 Libros
LUIS G. INCLAN LUIS G. INCLAN 660.299.4 S824i 4465 10 Libros
LUIS G. INCLAN LUIS G. INCLAN 660.299.4 S824i 13998 13 Libros
Calzada Tecnológico # 27, Zacatepec, Morelos.
01(734) 343-07-23 / 343-21-10 / 343-21-11
Apdo. Postal 45 C.P 62780